000 01021nam a2200193 a 4500
001 48891
005 20180714033350.0
008 140415s2005 mx 000 0 spa d
020 _a9701046684
041 _aspa
082 _a657.8
_bRAM
100 1 _aRamírez Padilla, David Noel,.
245 1 0 _aCONTABILIDAD ADMINISTRATIVA
250 _a7ed.
260 _aMEXICO :
_bMCGRAW-HILL INTERAMERICANA EDITORES,
_c2005
300 _a409
_c19.1 x 2.2 x 23.5
520 _aEL MUNDO DE LOS NEGOCIOS HA REGISTRADO PROFUNDOS CAMBIOS DEBIDOS A TERS GRANDES FACTORES: LA GLOBALIZACION, LA ECONOMIA DEL LIBRE MERCADO Y EL AVANCE TECNOLOGICO. ANTE ESTO LOS ADMINISTRADORES HON TOMADO UN PAPEL MUCHO MAS DENAMICO PARA CONVERTIRSE EN PROTAGONISTAS DEL CAMBIO QUE SE VIVE EN LAS EMPRESAS. DESDE HACE MAS DE DOS DECADAS, GENERACIONES DE PROFESIONALES DE LA ADMINISTRACION Y DE LA CONTADURIA SE HAN FORMADO CO ESTE TEXTO PARA LABORAR EN LOS DIVERSOS SECTORES PRODUCTIVOS DE L
650 1 4 _aCONTABILIDAD ADMINISTRATIVA
999 _c48891
_d48891